000 00213nam a2200097Ia 4500
008 190216s9999||||xx |||||||||||||| ||und||
100 _aKaith J Laidler
245 0 _aPhysical Chemistry
260 _bNull
942 _cBK
999 _c2927
_d2927